Statistiken für FIFA-Weltmeisterschaften: Top 4

Klicken Sie hier um das Quiz zu spielen!

Allgemein

  • Dieses Quiz wurde 2,660 mal gespielt
  • Das Durchschnittsergebnis liegt bei 21 aus 24

Antwortstatistiken

Antwort % Korrekt
Deutschland
100%
Frankreich
100%
Italien
99%
Brasilien
99%
Spanien
99%
Argentinien
98%
England
97%
Niederlande
96%
Kroatien
95%
Portugal
95%
Belgien
93%
Sowjetunion
93%
Uruguay
93%
Schweden
88%
Vereinigte Staaten
86%
Polen
81%
Ungarn
81%
Südkorea
78%
Österreich
78%
Chile
77%
Türkei
73%
Jugoslawien
60%
Bulgarien
50%
Tschechoslowakei
44%

Verteilung der Resultate

Perzentil nach korrekt beantworteten Fragen

Anzahl Personen mit jedem Resultat

Ihre Resultats-Entwicklung

Sie haben dieses Quiz noch nicht gespielt